000 00419nam a2200181Ia 4500
001 13588
005 20260306164812.0
008 260306t2019||||xx |||||||||||||| ||spa||
041 _aESP
082 _a005.1
_bB81
100 _aBrass, Peter
_eAUT
245 0 _aAdvanced data structures
260 _c2019
300 _axvi, 456 páginas :
_c23 cm.
650 _aGEN
654 _aCCC
942 _cLIB
_dJUS
_fJUS
_2ddc
_n
999 _c13588
_d13588